ბათუმის შოთა რუსთაველის სახელმწიფო უნივერსიტეტის ბიბლიოთეკა

დორიან გრეის პორტრეტი : (ბიბ.ჩანაწერი № 56045)

000 -ლიდერი
ფიქსირებული სიგრძის საკონტროლო ველი 01245nam a2200253Ia 4500
001 - საკონტროლო ნომერი
საკონტროლო ველი 23145
003 - საკონტროლო ნომრის იდენტიფიკატორი
საკონტროლო ველი GE_BSU
005 - ბოლო ოპერაციის თარიღი და დრო
საკონტროლო ველი 20230718103022.0
008 - ფიქსირებული სიგრძის მონაცემთა ელემენტები - ზოგადი ინფორმაცია
ფიქსირებული სიგრძის საკონტროლო ველი 181216s1996||||ge |||||||||||||| ||geo||
040 ## - კატალოგიზაციის წყარო
Transcribing agency GE_BSU
041 ## - ენის კოდი
Language code of text/sound track or separate title geo
080 ## - უნივერსალური ათობითი კლასიფიკაციის ინდექსი
Universal Decimal Classification number 821.111-31 უ-13
100 ## - მთავარი ჩანაწერი - პიროვნების სახელი
Personal name უაილდი, ოსკარ
9 (RLIN) 19403
245 ## - ცნობა სათაურის შესახებ
Title დორიან გრეის პორტრეტი :
Remainder of title რომანი /
Statement of responsibility, etc ოსკარ უაილდი ; ინგლ. თარგმნა თამარ მაღრაძემ ; რედ. ნ. გუჯაბიძე.
264 ## - წარმოების, გამოცემის, დისტრიბუციის და სხვა ცნობები
გამოცემის, წარმოების, დისტრიბუციის... ადგილი თბილისი :
გამოცემის, წარმოების, დისტრიბუციის... სახელწოდება ნაკადული,
გამოცემის, წარმოების, დისტრიბუციის... თარიღი 1996.
300 ## - ფიზიკური აღწერა
Extent 320 გვ. ;
Dimensions 20 სმ.
490 ## - სერიის ცნობა
Series statement ბიბლიოთეკა ყმაწვილთათვის. მსოფლიო ლიტერატურის ბიბლიოთეკა ახალგაზრდებისათვის
653 ## - INDEX TERM--UNCONTROLLED
Uncontrolled term დორიან გრეის პორტრეტი
653 ## - INDEX TERM--UNCONTROLLED
Uncontrolled term რომანი
700 ## - ADDED ENTRY--PERSONAL NAME
Personal name მაღრაძე, თამარ
Relator term თარგმანი
9 (RLIN) 5525
700 ## - ADDED ENTRY--PERSONAL NAME
Personal name გუჯაბიძე, ნ.
Relator term რედაქტორი
9 (RLIN) 19404
942 ## - ADDED ENTRY ELEMENTS (KOHA)
Koha item type წიგნი
Source of classification or shelving scheme
ეგზემპლარები
ჩამოწერის სტატუსი დაკარგული ეგზემპლარის სტატუსი კლასიფიკაციის წყარო ან თაროზე გაწყობის სქემა დაზიანების სტატუსი არ გაიცემა მუდმივი მდებარეობა (დაცვის ადგილი) ამჟამინდელი ადგილსამყოფელი თაროზე განთავსების ადგილი შეძენის თარიღი ღირებულება, შესყიდვის ნორმალური ფასი სრული შენახვის შიფრი შტრიხკოდი ბოლო ოპერაციის თარიღი ეგზემპლარის მიმდევრობითი ნომერი (კეტერი?) ფასის ძალაში შესვლის თარიღი ეგზემპლარის სახეობა საჯარო შენიშვნა
          ბათუმის შოთა რუსთაველის სახელმწიფო უნივერსიტეტის მთავარი ბიბლიოთეკა ბათუმის შოთა რუსთაველის სახელმწიფო უნივერსიტეტის მთავარი ბიბლიოთეკა წიგნსაცავი 2018-12-17 8.00 821.111-31 უ-13 58591 2018-12-17 58591 2018-12-17 წიგნი 8.00 ₾.